banner-ar

الافريقيات وتكنولوجيا المعلومات والاتصالات : (Record no. 64355)

MARC details
000 -الفاتح
حقل البيانات ثابتة الطول 01408nam a22003137a 4500
005 - وقت وتاريخ اخر تعامل مع التسجيلة
رقم الضبط 20240530110727.0
008 - عناصر البيانات ثابتة الطول - معلومات عامة
حقل البيانات ثابتة الطول 180327s2016 ua a g b 001 0dara d
017 ## - رقم الايداع القانونى
رقم الايداع القانونى 2014/26546
المصدر ( الهيئة المختصة) مصر. دار الكتب
020 ## - الرقم الدولى المعيارى للكتب
الرقم الدولى المعيارى للكتاب 9789779200507
040 ## - مصدر الفهرسة
وكالة الفهرسة الأصلية EG-CaGPL
وكالة النسخ EG-CaGPL
082 04 - رقم تصنيف ديوى العشرى
رقم الطبعة 21
رقم التصنيف 303.4833 /
رقم المادة ب أ
245 02 - بيان العنوان
العنوان الافريقيات وتكنولوجيا المعلومات والاتصالات :
بقية العنوان بحث فى التكنولوجيا والنوع الاجتماعى والتمكين /
بيان المسئوليه,etc تحرير اينيكى باسكنز، ان ويب ؛ ترجمة عزة خليل
250 ## - بيان الطبعة
بيان الطبعة ط.1
260 ## - PUBLICATION, DISTRIBUTION, ETC. (IMPRINT)
تاريخ النشر أو التوزيع 2016.
300 ## - الوصف المادى
التعداد 367 ص. ؛
أبعاد الوعاء 24 سم.
490 0# - بيان السلسلة
عنوان السلسلة المركز القومى للترجمة ؛
رقم المجلد/ التعيين التسلسلي 2707.
504 ## - تبصرة ببليوجرافية
تبصرة ببليوجرافية,الخ يشتمل على ارجاعات ببليوجرافية
650 07 - المدخل الاضافى بالموضوع-مصطلح موضوعى
مصدر الرأس أو المصطلح qrmak
مصطلح موضوعي الاتصالات
650 07 - المدخل الاضافى بالموضوع-مصطلح موضوعى
مصدر الرأس أو المصطلح qrmak
مصطلح موضوعي تمكين المرأة
650 07 - المدخل الاضافى بالموضوع-مصطلح موضوعى
مصدر الرأس أو المصطلح qrmak
مصطلح موضوعي المرأة الكينية
التقسيم الفرعي العام التكنولوجيا
650 07 - المدخل الاضافى بالموضوع-مصطلح موضوعى
مصدر الرأس أو المصطلح qrmak
مصطلح موضوعي تكنولوجيا المعلومات
التقسيم الفرعي الجغرافي افريقيا
650 07 - المدخل الاضافى بالموضوع-مصطلح موضوعى
مصدر الرأس أو المصطلح qrmak
مصطلح موضوعي الاتصالات الالكترونية
651 ## - المدخل الاضافى بالموضوع - اسم جغرافى
مصدر الرأس أو المصطلح qrmak
700 1# - المدخل الاضافى - اسم شخصى
الإسم الشخصى باسكنز، اينيكى
الدور محرر
700 1# - المدخل الاضافى - اسم شخصى
الإسم الشخصى ويب، ان
الدور محرر مشارك
700 0# - المدخل الاضافى - اسم شخصى
الإسم الشخصى عزة خليل
الدور مترجم
942 ## - عناصر المدخل الإضافي( كوها)
مصدر التصنيف او مخطط الترفيف Dewey Decimal Classification
Koha [default] item type كتاب
260 ## - PUBLICATION, DISTRIBUTION, ETC. (IMPRINT)
-- القاهرة :
-- المركز القومى للترجمة ،
Holdings
حالة التراجع حالة الفقد حالة تلف ليس للاعارة المكان المؤقت الموقع الحالى موقع الترفيف تاريخ الاكتساب اجمالي اﻻعارات رقم الطلب الباركود تاريخ اخر مشاهدة تاريخ تفعيل السعر نوع وعاء كوها
        مكتبة القاهرة الكبرى مكتبة القاهرة الكبرى القاعة الرئيسية 04/29/2018   303.4833 / ب أ 164576 04/29/2018 04/29/2018 كتاب

Powered By

EGPV